000 00531 a2200193 4500
001 61757
005 20260407155909.0
008 260407a1954 arg spa d
003 AR-UNSa-BCEJYS
040 _aAR-UNSa-BCEJYS
_bspa
_cAR-UNSa-BCEJYS
080 _a347.72
_xSociedades comerciales
245 1 0 _aSociedades de economía mixta
264 1 _aBuenos Aires :
_bEdiciones Arayú
_c1954
300 _a156 p.
_c24 cm.
041 _aspa
942 _cBK
590 _aniveau_biblio:m niveau_hierar:0
100 1 _aCámara, Héctor
999 _c7409
_d7409